00392 2200181 4500001002100000008004100021035002000062245001900082100000800101250000600109260002500115300001100140084001400151082000800165650001300173990001200186990001200198INLIS000000000000695 ind  a0010-0424000671 aPerbankancOJK aOJK a1 aJakarta :bOJKc2014 a13 hlm a300 OJK p a300 aNonfiksi a0721865 a0721866